Szent-Györgyi Albert-emlékérmek

Elmentve itt :
Bibliográfiai részletek
Dokumentumtípus: Cikk
Megjelent: Csongrád megyei Lapkiadó Vállalat 1987-12-17
Sorozat:Csongrád Megyei Hírlap: az MSZMP Csongrád Megyei Bizottságának lapja 44 No. 297
Online Access:http://misc.bibl.u-szeged.hu/72741
LEADER 00644nab a2200169 i 4500
001 misc72741
005 20231116110646.0
008 231116s1987 hu o 000 hun d
022 |a 0133-2953 
040 |a SZTE Miscellanea Repozitórium  |b hun 
041 |a hun 
245 0 0 |a Szent-Györgyi Albert-emlékérmek  |h [elektronikus dokumentum] 
260 |a Csongrád megyei Lapkiadó Vállalat  |c 1987-12-17 
300 |a 8 
490 0 |a Csongrád Megyei Hírlap: az MSZMP Csongrád Megyei Bizottságának lapja  |v 44 No. 297 
561 |a Szent-Györgyi Albertről szóló irodalom 
856 4 0 |u http://misc.bibl.u-szeged.hu/72741/1/szgya_1987_071.pdf  |z Dokumentum-elérés